Hidden innovation in the construction and property sectors (Record no. 107783)
[ view plain ]
| 000 -LEADER | |
|---|---|
| fixed length control field | 01461cad a22003135a 4500 |
| 001 - CONTROL NUMBER | |
| control field | L141882 |
| 008 - FIXED-LENGTH DATA ELEMENTS--GENERAL INFORMATION | |
| fixed length control field | 080107s2007 xxk f 000 0 eng d |
| 020 ## - INTERNATIONAL STANDARD BOOK NUMBER | |
| International Standard Book Number | 9781842193594 |
| 022 1# - INTERNATIONAL STANDARD SERIAL NUMBER | |
| International Standard Serial Number | 1464-648X |
| 035 ## - SYSTEM CONTROL NUMBER | |
| System control number | (Sirsi) u141882 |
| 041 0# - LANGUAGE CODE | |
| Language code of text/sound track or separate title | eng |
| 050 04 - LIBRARY OF CONGRESS CALL NUMBER | |
| Classification number | 658.99 $2 18 |
| 100 1# - MAIN ENTRY--PERSONAL NAME | |
| Personal name | Abbott, Carl |
| 245 00 - TITLE STATEMENT | |
| Title | Hidden innovation in the construction and property sectors |
| Medium | [electronic resource] |
| 260 ## - PUBLICATION, DISTRIBUTION, ETC. | |
| Place of publication, distribution, etc. | London |
| Name of publisher, distributor, etc. | RICS |
| Date of publication, distribution, etc. | 2007 |
| 490 #0 - SERIES STATEMENT | |
| Series statement | RICS Research Paper Series |
| Volume/sequential designation | 7(20) December 2007 |
| 520 ## - SUMMARY, ETC. | |
| Summary, etc. | Argues that the construction and property industries' poor reputation for innovation is unjustified, and illustrates that much of the innovation in the sector is hidden from conventional methods. Examines the scale and importance of the construction sector, the nature of innovation in construction (sector-led, business-led and project-level innovation), proxy metrics of hidden innovation, and drivers and barriers to innovation. |
| 521 2# - TARGET AUDIENCE NOTE | |
| Target audience note | Advanced |
| 590 ## - LOCAL NOTE (RLIN) | |
| Local note | KA |
| 651 #4 - SUBJECT ADDED ENTRY--GEOGRAPHIC NAME | |
| Geographic name | United Kingdom |
| Chronological subdivision | |
| 690 ## - LOCAL SUBJECT ADDED ENTRY--TOPICAL TERM (OCLC, RLIN) | |
| Topical term or geographic name as entry element | Construction management |
| 9 (RLIN) | 6230 |
| 700 1# - ADDED ENTRY--PERSONAL NAME | |
| Personal name | Barrett, Peter |
| 700 1# - ADDED ENTRY--PERSONAL NAME | |
| Personal name | Ruddock, Les |
| 700 1# - ADDED ENTRY--PERSONAL NAME | |
| Personal name | Sexton, Martin |
| 710 2# - ADDED ENTRY--CORPORATE NAME | |
| Corporate name or jurisdiction name as entry element | Royal Institution of Chartered Surveyors |
| Subordinate unit | Research |
| 9 (RLIN) | 4902 |
| 710 2# - ADDED ENTRY--CORPORATE NAME | |
| Corporate name or jurisdiction name as entry element | University of Salford |
| 9 (RLIN) | 3465 |
| 856 40 - ELECTRONIC LOCATION AND ACCESS | |
| Uniform Resource Identifier | <a href="https://www.rics.org/site/download_feed.aspx?fileID=3448&fileExtension=PDF">https://www.rics.org/site/download_feed.aspx?fileID=3448&fileExtension=PDF</a> |
| Public note | View the full report and the FiBRE summary free of charge at www.rics.org... |
| 942 ## - ADDED ENTRY ELEMENTS (KOHA) | |
| Suppress in OPAC | 0 |
| Withdrawn status | Lost status | Source of classification or shelving scheme | Damaged status | Not for loan | Home library | Current library | Shelving location | Date acquired | Total Checkouts | Full call number | Barcode | Date last seen | Copy number | Price effective from | Koha item type |
|---|---|---|---|---|---|---|---|---|---|---|---|---|---|---|---|
| Dewey Decimal Classification | Virtual | Virtual | Online | 07/01/2008 | ONLINE PUBLICATION | 141882-2001 | 06/08/2019 | 1 | 06/08/2019 | Book |